| 000 | 00791nam a2200217 a 4500 | ||
|---|---|---|---|
| 005 | 20140905104457.0 | ||
| 008 | 140122b1997 ck ||||| |||| 00| 0 spa d | ||
| 041 | _aeng | ||
| 044 | _ack | ||
| 090 |
_aIAVH _b00263 |
||
| 110 | 2 |
_bBooz Allen AND Hamilton Inc _94737 |
|
| 245 | 1 | 0 |
_aBuilding a communication strategy _bInstituto de Investigación de Recursos Biológicos Alexander von Humboldt, briefing report |
| 260 |
_aVilla de Leyva _bBooz Allen AND Hamilton INC _bInstituto de Investigación de Recursos Biológicos Alexander von Humboldt _c1997 |
||
| 300 |
_a266 p. _c28 cm. |
||
| 650 | 4 |
_aEstrategias de comunicación _94738 |
|
| 650 | 4 |
_aEstudios de audiencias _94739 |
|
| 650 | 4 |
_aComunicación corporativa _94740 |
|
| 662 | 4 | _aColombia | |
| 942 |
_cINFORME _2z |
||
| 945 | _d2004-06-28 | ||
| 999 |
_c3932 _d3932 |
||